000 00833nas a2200265 4500
001 BR8306048
003 BR-BrBNA
005 20231205085711.0
007 ta
008 230509b bl.|||p| |||| 00| 00por d
040 _aBR-BrBNA
_bpor
_cBiblioteca Nacional de Agricultura
041 _a(Pt)
072 _aF01
100 1 _aGodoy, O.P.
245 1 _aCulturas consorciadas; atraves da rotacao de culturas ou cultivo intercalares, o canavial pode produzir alimentos como amendoim, feijao e milho
650 _aCONSORCIACAO DE CULTURA
650 _aCANA DE ACUCAR
650 _aAMENDOIM
650 _aFEIJAO
650 _aMILHO
650 _aROTACAO DE CULTURA
773 0 _tGranja (Brazil)
_xISSN 0367-505X
_g(Oct 1983), v. 35(429) p. 46-52
_wBR8306048
909 _a202311
_bLúcia
_c55
_dLúcia Elande
942 _2AGRIS
_n0
_cANA
999 _c113180
_d113180